Common Metric Conversions - Statistics

General Stats
  • This quiz has been taken 387 times
  • The average score is 7 of 10
Answer Stats
Hint Answer % Correct
1 liter = ____ milliliters 1000
92%
1 yard = _ feet 3
89%
1 US gallon = _ US quarts 4
84%
1 inch = ___ centimeters 2.54
82%
1 square yard = _ square feet 9
73%
1 mile = ___ kilometers 1.61
71%
1 kilogram = __ pounds 2.2
64%
1 stone = __ pounds 14
56%
1 mile = ____ feet 5280
45%
1 square mile = _ acres 640
19%
No matching quizzes found
Score Distribution
Percent of People with Each Score
Percentile by Number Answered
Your Score History
You have not taken this quiz